Indian States by Population by 1999 Borders - Statistics

General Stats
  • This quiz has been taken 11 times
    10 since last reset
  • The average score is 6 of 32
Answer Stats
Rank State/UT Population % Correct
1 Uttar Pradesh 209,898,633
100%
2 Bihar 137,087,586
89%
3 Maharashtra 112,374,333
78%
4 Madhya Pradesh 98,172,007
56%
7 Tamil Nadu 72,147,030
56%
6 Andhra Pradesh 84,580,777
44%
5 West Bengal 91,276,115
44%
8 Rajasthan 68,548,437
33%
10 Gujarat 60,439,692
22%
9 Karnataka 61,095,297
22%
31 Andaman and Nicobar Islands 380,581
11%
32 Lakshadweep 64,473
11%
25 Pondicherry 1,247,953
11%
28 Sikkim 610,577
11%
24 Arunachal Pradesh 1,383,727
0%
13 Assam 31,205,576
0%
27 Chandigarh 1,055,450
0%
29 Dadra and Nagar Haveli 343,709
0%
30 Daman and Diu 243,247
0%
16 Delhi 16,787,941
0%
23 Goa 1,458,545
0%
15 Haryana 25,351,462
0%
18 Himachal Pradesh 6,864,602
0%
17 Jammu and Kashmir 12,541,032
0%
12 Kerala 33,406,061
0%
21 Manipur 2,570,390
0%
20 Meghalaya 2,966,889
0%
26 Mizoram 1,097,206
0%
22 Nagaland 1,978,502
0%
11 Orissa 41,974,218
0%
14 Punjab 27,743,338
0%
19 Tripura 3,673,917
0%
No matching quizzes found
Score Distribution
Percent of People with Each Score
Percentile by Number Answered
Your Score History
You have not taken this quiz since the last reset